Can You Name Every Amusement Park In the World with 10+ Coasters? - Statistics

General Stats
  • This quiz has been taken 38 times
  • The average score is 18 of 27
Answer Stats
Hint Answer % Correct
17 Cedar Point
97%
20 Six Flags Magic Mountain
90%
14 Kings Island
87%
14 Six Flags Over Texas
87%
18 Canada's Wonderland
83%
11 Six Flags Over Georgia
83%
13 Kings Dominion
80%
14 Six Flags Great Adventure
80%
11 Six Flags New England
80%
14 Carowinds
77%
15 Six Flags Great America
77%
10 Busch Gardens Tampa
73%
20 Energylandia
73%
14 Europa Park
73%
11 Six Flags Fiesta Texas
73%
10 Busch Gardens Williamsburg
70%
14 Hersheypark
70%
10 Knott's Berry Farm
70%
10 Alton Towers
60%
10 Dollywood
60%
10 Six Flags Discovery Kingdom
57%
13 Nagashima Spa Land
50%
15 Wiener Prater
43%
10 Walibi Belgium
33%
10 Blackpool Pleasure Beach
30%
11 Lagoon
30%
10 Flamingo Land
17%
No matching quizzes found
Score Distribution
Percent of People with Each Score
Percentile by Number Answered
Your Score History
You have not taken this quiz